Galdós humorista y otros ensayos / (Record no. 107885)

MARC details
000 -LEADER
campo de control de longitud fija 00560nam a2200181 4500
001 - NÚMERO DE CONTROL
campo de control 107885
003 - IDENTIFICADOR DE NÚMERO DE CONTROL
campo de control ES-MaACL
005 - FECHA Y HORA DE LA ÚLTIMA TRANSACCIÓN
campo de control 20230906184522.0
007 - CAMPO FIJO DE DESCRIPCIÓN FÍSICA--INFORMACIÓN GENERAL
campo de control de longitud fija t|
008 - DATOS DE LONGITUD FIJA--INFORMACIÓN GENERAL
campo de control de longitud fija 061121s1969 sp r ||||1| spa d
100 1# - ENTRADA PRINCIPAL--NOMBRE DE PERSONA
Nombre de persona Montaner, Carlos Alberto.
9 (RLIN) 82370
245 10 - MENCIÓN DEL TÍTULO
Título Galdós humorista y otros ensayos /
Mención de responsabilidad, etc. Carlos Alberto Montaner.
260 ## - PUBLICACIÓN, DISTRIBUCIÓN, ETC.
Lugar de publicación, distribución, etc. Madrid :
Nombre del editor, distribuidor, etc. Partenón,
Fecha de publicación, distribución, etc. [1969]
300 ## - DESCRIPCIÓN FÍSICA
Extensión 158 p. ;
Dimensiones 21 cm.
600 14 - PUNTO DE ACCESO ADICIONAL DE MATERIA--NOMBRE DE PERSONA
Nombre de persona Pérez Galdós, Benito,
Fechas asociadas al nombre 1843-1920-
Subdivisión general Crítica e interpretación
9 (RLIN) 90875
852 ## - LOCALIZACIÓN
Ubicación ES-MaACL
Número de control de estantería C-36452
Holdings
Estatus retirado Estado de pérdida Estado de daño No para préstamo Biblioteca de origen Biblioteca actual Ubicación en estantería Fecha de adquisición Fuente de adquisición Total de préstamos Signatura topográfica completa Código de barras Visto por última vez Precio de reemplazo Tipo de ítem Koha
        Biblioteca del Ateneo de Madrid Biblioteca del Ateneo de Madrid Depósito 2 17/01/2008     C-36452 1112589 23/02/2023 23/02/2023 Libro impreso